000 00518nam a2200145 a 4500
001 000039252
005 20201002031549.0
008 130618s2001 dr a 000 0 spa d
040 _aDO-SdBNP
_bspa
_cBNPHU
245 0 0 _aConozcamos nuestros derechos para defenderlos /
_cpresentación Desiree del Rosario, Georgina Tiburcio.
260 _aSanto Domingo :
_bCentro de Investigaciones Legales (CEDAIL),
_c2001.
300 _a148 p. ;
_c22 cm.
700 1 _aRosario, Desiree del
_965456
700 1 _aTiburcio, Georgina
_965457
999 _c38742
_d38742